[Event "ROM-ch U10"]
[Site "Calimanesti"]
[Date "2015.04.06"]
[Round "9"]
[White "Melinte, Rares Andrei"]
[Black "Iliescu, David Adrian"]
[Result "1-0"]
[WhiteElo "1689"]
[BlackElo "1474"]
[PlyCount "75"]
[EventDate "2015.03.30"]
[EventType "swiss"]
[EventRounds "9"]
[EventCountry "ROU"]
[SourceTitle "CBM 165 Extra"]
[Source "ChessBase"]
[SourceDate "2015.04.21"]
[SourceVersion "1"]
[SourceVersionDate "2015.04.21"]
[SourceQuality "1"]

1. c4 e5 2. Nc3 Nf6 3. g3 Nc6 4. Bg2 d6 5. e3 Be7 6. Nge2 0-0 7. 0-0 Be6 8. Nd5 Qd7 9. Re1 Na5 10. d3 Bxd5 11. cxd5 b6 12. b4 Nb7 13. a4 a6 14. Bb2 Qf5 15. e4 Qg5 16. Qc1 Qxc1 17. Raxc1 Rac8 18. Bh3 a5 19. Bxc8 Rxc8 20. bxa5 Nxa5 21. Rc3 Nb7 22. Ba3 Nd7 23. Ra1 Ndc5 24. Bxc5 Nxc5 25. a5 Ra8 26. a6 g6 27. a7 f5 28. f4 fxe4 29. dxe4 exf4 30. Rc2 f3 31. Nf4 g5 32. Ne6 Nxe6 33. dxe6 h5 34. Rca2 b5 35. Ra6 Bf6 36. R1a5 c5 37. Rxb5 Bd4+ 38. Kf1 1-0

[Event "ROM-ch U10"]
[Site "Calimanesti"]
[Date "2014.04.08"]
[Round "3"]
[White "Marin, Tudor Florin"]
[Black "Iliescu, David Adrian"]
[Result "0-1"]
[WhiteElo "1008"]
[BlackElo "1250"]
[PlyCount "116"]
[EventDate "2014.04.06"]
[EventType "swiss"]
[EventRounds "9"]
[EventCountry "ROU"]
[SourceTitle "CBM 160 Extra"]
[Source "ChessBase"]
[SourceDate "2014.07.01"]
[SourceVersion "1"]
[SourceVersionDate "2014.07.01"]
[SourceQuality "1"]

1. e4 e5 2. Nf3 Nc6 3. Bb5 d6 4. Nc3 Nf6 5. d3 Bg4 6. Be3 Be7 7. h3 Bh5 8. g4 Bg6 9. Qd2 0-0 10. Bxc6 bxc6 11. 0-0-0 Qd7 12. Rde1 Qe6 13. Kb1 Rfb8 14. b3 h6 15. a4 d5 16. exd5 cxd5 17. Nb5 Rb7 18. Bxa7 Nd7 19. Bd4 f6 20. Bb2 Qa6 21. Nh4 Bh7 22. Re2 c6 23. Nc3 Bb4 24. Qd1 Qa5 25. Na2 d4 26. Nxb4 Qxb4 27. Nf5 Rxa4 28. Nd6 Rb8 29. Qd2 Qxd2 30. Rxd2 Ra6 31. Rf1 c5 32. Nc4 e4 33. dxe4 Bxe4 34. f3 Bh7 35. h4 Rxb3 36. Rg1 Rxf3 37. g5 hxg5 38. hxg5 fxg5 39. Rxg5 Rf1+ 40. Bc1 Nb6 41. Nb2 Na4 42. Nxa4 Rxa4 43. Rg3 Rb4+ 44. Rb3 Rxb3+ 45. Ka2 Rc3 46. Kb2 Rh3 47. Ka2 Rxc1 48. Kb2 Rhh1 49. Kb3 c4+ 50. Kxc4 Rxc2+ 51. Rxc2 Bxc2 52. Kxd4 g5 53. Ke3 Rh7 54. Kf3 Rg7 55. Kg3 g4 56. Kg2 g3 57. Kg1 g2 58. Kf2 g1Q+ 0-1

[Event "ROM-ch U08"]
[Site "Calimanesti"]
[Date "2013.04.07"]
[Round "8"]
[White "Veress, Armand"]
[Black "Iliescu, David Adrian"]
[Result "0-1"]
[WhiteElo "1047"]
[BlackElo "1121"]
[PlyCount "68"]
[EventDate "2013.04.02"]
[EventType "swiss"]
[EventRounds "9"]
[EventCountry "ROU"]
[SourceTitle "CBM 153 Extra"]
[Source "ChessBase"]
[SourceDate "2013.04.22"]
[SourceVersion "1"]
[SourceVersionDate "2013.04.22"]
[SourceQuality "1"]

1. e4 e5 2. Nf3 Nc6 3. Nc3 Nf6 4. Bc4 Bc5 5. Ng5 0-0 6. Qf3 Nd4 7. Qd1 d6 8. 0-0 Bg4 9. Nf3 Nxf3+ 10. gxf3 Bh3 11. Re1 Nd7 12. d3 Qf6 13. Kh1 Bxf2 14. Qe2 Bxe1 15. Be3 Bh4 16. Rg1 Kh8 17. Nd5 Qd8 18. f4 c6 19. Nc3 Qe7 20. fxe5 Nxe5 21. Bd4 b5 22. Bb3 Bg4 23. Qd2 Bf3+ 24. Rg2 Bxg2+ 25. Qxg2 Qg5 26. Qf1 f5 27. Ne2 fxe4 28. Qh3 Rf6 29. dxe4 Raf8 30. Ng3 Rf3 31. Bc3 Bxg3 32. Bd4 Qd2 33. c3 Qe1+ 34. Kg2 Qf1# 0-1

[Event "ROM-ch U08"]
[Site "Calimanesti"]
[Date "2013.04.03"]
[Round "3"]
[White "Antonica, Dragos Andrei"]
[Black "Iliescu, David Adrian"]
[Result "1-0"]
[WhiteElo "1281"]
[BlackElo "1121"]
[PlyCount "71"]
[EventDate "2013.04.02"]
[EventType "swiss"]
[EventRounds "9"]
[EventCountry "ROU"]
[SourceTitle "CBM 153 Extra"]
[Source "ChessBase"]
[SourceDate "2013.04.22"]
[SourceVersion "1"]
[SourceVersionDate "2013.04.22"]
[SourceQuality "1"]

1. e4 e5 2. Nf3 Nc6 3. Bc4 Bc5 4. Nc3 Nf6 5. d3 d6 6. Bg5 Bg4 7. h3 Bh5 8. Nd5 Nd4 9. g4 Bg6 10. Nxd4 Bxd4 11. c3 Bb6 12. Qf3 c6 13. Nxf6+ gxf6 14. Bxf6 Qd7 15. Bxh8 0-0-0 16. Bf6 Re8 17. 0-0-0 Bc5 18. h4 h6 19. h5 Bh7 20. Rdg1 b5 21. Bb3 Bb6 22. g5 hxg5 23. Bxg5 Rf8 24. Bh6 Rg8 25. Rxg8+ Bxg8 26. Rg1 Qe8 27. Qf5+ Kb7 28. Rg7 Qd8 29. Bxf7 Bxf7 30. Rxf7+ Ka6 31. Bg5 Qh8 32. b4 c5 33. Rf8 Qg7 34. Qc8+ Qb7 35. Qxb7+ Kxb7 36. h6 1-0